[Event "Chioggia op-A 13th"]
[Site "Chioggia"]
[Date "2018.09.28"]
[Round "1"]
[White "Savanovic, Aleksandar"]
[Black "Guidobene, Davide"]
[Result "1-0"]
[WhiteElo "2436"]
[BlackElo "2022"]
[PlyCount "63"]
[EventDate "2018.09.28"]
[EventType "swiss"]
[EventRounds "5"]
[EventCountry "ITA"]
[SourceTitle "EXT 2022"]
[Source "ChessBase"]
[SourceDate "2021.10.06"]
[SourceVersion "1"]
[SourceVersionDate "2021.10.06"]
[SourceQuality "1"]

1. Nf3 d5 2. d4 Nf6 3. Bf4 c5 4. e3 Nc6 5. c3 Qb6 6. Qb3 c4 7. Qc2 Bf5 8. Qc1 e6 9. h3 a6 10. Nbd2 Qd8 11. Nh4 Be4 12. Nxe4 Nxe4 13. Nf3 g5 14. Bg3 h5 15. Nd2 f5 16. Nxe4 fxe4 17. Be2 g4 18. Bf4 Qh4 19. g3 Qe7 20. hxg4 h4 21. Rxh4 Rxh4 22. gxh4 Qxh4 23. Bg3 Qh1+ 24. Kd2 Qh6 25. Qh1 Kf7 26. f3 exf3 27. Bxf3 Qg6 28. Qh5 Bh6 29. Rh1 Kg7 30. Qxg6+ Kxg6 31. Ke2 Rf8 32. g5 1-0

[Event "ITA-ch U20 sf"]
[Site "Alessandria"]
[Date "2018.07.29"]
[Round "9.6"]
[White "Bergamasco, Tommaso"]
[Black "Guidobene, Davide"]
[Result "0-1"]
[WhiteElo "2154"]
[BlackElo "1972"]
[PlyCount "72"]
[EventDate "2018.07.21"]
[EventType "swiss"]
[EventRounds "9"]
[EventCountry "ITA"]
[SourceTitle "EXT 2023"]
[Source "ChessBase"]
[SourceDate "2022.10.05"]
[SourceVersion "1"]
[SourceVersionDate "2022.10.05"]
[SourceQuality "1"]

1. d4 d5 2. Bf4 Nf6 3. Nf3 c5 4. e3 Nc6 5. Nbd2 Qb6 6. dxc5 Qxb2 7. Bd3 Qc3 8. Rb1 e6 9. 0-0 Be7 10. Rb3 Qxc5 11. Qa1 a6 12. c4 0-0 13. Rc1 Qa5 14. e4 dxe4 15. Nxe4 Rd8 16. Qb1 Nxe4 17. Bxe4 f5 18. Bxc6 bxc6 19. Ne5 Qc7 20. c5 Bf6 21. Re1 Rd4 22. Nd3 Rxf4 23. Nxf4 Qxf4 24. Rd1 Bd4 25. Rf3 Qe5 26. Qd3 Rb8 27. h3 Bxc5 28. Qd8+ Kf7 29. Qh4 Rb4 30. Qd8 Rd4 31. Rxd4 Qxd4 32. Rd3 Qxf2+ 33. Kh2 Qf4+ 34. Kh1 Qf1+ 35. Kh2 Bg1+ 36. Kg3 Qf2# 0-1

[Event "ITA-ch U20 sf"]
[Site "Alessandria"]
[Date "2018.07.24"]
[Round "4.6"]
[White "Pennica, Andrea"]
[Black "Guidobene, Davide"]
[Result "0-1"]
[WhiteElo "1893"]
[BlackElo "1972"]
[PlyCount "73"]
[EventDate "2018.07.21"]
[EventType "swiss"]
[EventRounds "9"]
[EventCountry "ITA"]
[SourceTitle "EXT 2023"]
[Source "ChessBase"]
[SourceDate "2022.10.05"]
[SourceVersion "1"]
[SourceVersionDate "2022.10.05"]
[SourceQuality "1"]

1. d4 Nf6 2. c4 e6 3. Nc3 Bb4 4. e3 0-0 5. Nf3 d5 6. Bd3 c5 7. a3 Bxc3+ 8. bxc3 dxc4 9. Bxc4 Qc7 10. Qc2 b6 11. 0-0 cxd4 12. Bd3 Qxc3 13. Nxd4 Qxc2 14. Bxc2 Bb7 15. a4 Rc8 16. Ba3 e5 17. Bf5 exd4 18. Bxc8 Bxc8 19. exd4 Nc6 20. Rfd1 Be6 21. Rac1 Bd5 22. Rd3 Re8 23. f3 Nh5 24. g3 g5 25. Kf2 Ng7 26. h4 h6 27. hxg5 hxg5 28. f4 g4 29. Rcd1 Nf5 30. Bb2 f6 31. Bc1 Kf7 32. Bb2 Rh8 33. R3d2 Rh2+ 34. Ke1 Rh1+ 35. Kf2 Na5 36. Ba3 Nc4 37. Re2 0-1

[Event "Mestre Cipressina op-A 4th"]
[Site "Mestre"]
[Date "2015.11.28"]
[Round "1"]
[White "Guidobene, Davide"]
[Black "Drezzadore, Dario"]
[Result "0-1"]
[WhiteElo "1820"]
[BlackElo "2085"]
[PlyCount "80"]
[EventDate "2015.11.27"]
[EventType "swiss"]
[EventRounds "5"]
[EventCountry "ITA"]
[SourceTitle "EXT 2022"]
[Source "ChessBase"]
[SourceDate "2021.10.06"]
[SourceVersion "1"]
[SourceVersionDate "2021.10.06"]
[SourceQuality "1"]

1. d4 Nf6 2. c4 g6 3. Nf3 Bg7 4. Nc3 0-0 5. e4 d6 6. Be2 Nc6 7. 0-0 e5 8. d5 Ne7 9. Ne1 Ne8 10. Be3 f5 11. f3 f4 12. Bf2 g5 13. a4 Ng6 14. a5 Rf7 15. c5 h5 16. c6 bxc6 17. dxc6 Be6 18. Ba6 g4 19. Bb7 g3 20. hxg3 fxg3 21. Bxg3 Qg5 22. Bf2 Rd8 23. Bxa7 Nf4 24. Ne2 Nh3+ 25. Kh2 Nf4 26. g3 Bh6 27. Rg1 Rg7 28. Be3 Qf6 29. Qd2 d5 30. Nxf4 exf4 31. Bxf4 dxe4 32. Qc3 Qf5 33. Rg2 Bxf4 34. gxf4 Qxf4+ 35. Kg1 Rd2 36. Rxg7+ Nxg7 37. Qxd2 Qxd2 38. fxe4 Qd4+ 39. Kh2 Qf2+ 40. Kh1 Nf5 0-1

[Event "Chioggia op-A 10th"]
[Site "Chioggia"]
[Date "2015.10.10"]
[Round "3"]
[White "Scarsella, Lorenzo Luigi"]
[Black "Guidobene, Davide"]
[Result "1-0"]
[WhiteElo "1897"]
[BlackElo "1885"]
[PlyCount "107"]
[EventDate "2015.10.09"]
[EventType "swiss"]
[EventRounds "5"]
[EventCountry "ITA"]
[SourceTitle "EXT 2022"]
[Source "ChessBase"]
[SourceDate "2021.10.06"]
[SourceVersion "1"]
[SourceVersionDate "2021.10.06"]
[SourceQuality "1"]

1. d4 Nf6 2. Nf3 d5 3. Bg5 Ne4 4. Bh4 c6 5. e3 Qb6 6. Qc1 Bf5 7. Bd3 Nd7 8. 0-0 e6 9. c3 Nd6 10. Bc2 Bxc2 11. Qxc2 Nf5 12. Bg3 Nxg3 13. hxg3 Qd8 14. Nbd2 f5 15. c4 Bd6 16. Rac1 0-0 17. a3 a5 18. c5 Bc7 19. b4 axb4 20. axb4 g5 21. b5 g4 22. Nh4 Qb8 23. Nb3 Bxg3 24. fxg3 Qxg3 25. Qf2 Qb8 26. b6 Ra3 27. Qb2 Rxb3 28. Qxb3 Qg3 29. Nf3 gxf3 30. Rxf3 Qg4 31. Qd1 Kh8 32. Rf4 Qg7 33. Qf3 Ra8 34. Qe2 Nf6 35. Qb2 Ng4 36. Rf3 Qh6 37. Rh3 Qg5 38. Ra1 Rg8 39. Qe2 Qg6 40. Ra7 f4 41. exf4 Qb1+ 42. Qf1 Qe4 43. Rxb7 Qxd4+ 44. Kh1 Rg6 45. Rbxh7+ Kg8 46. Rh8+ Qxh8 47. Rxh8+ Kxh8 48. Qa1+ Kh7 49. Qa7+ Rg7 50. b7 Nf2+ 51. Kg1 Nh3+ 52. Kf1 Nxf4 53. b8Q Nxg2 54. Qxg7+ 1-0

[Event "Cipressina op-B 2nd"]
[Site "Venice"]
[Date "2013.11.30"]
[Round "3"]
[White "Rizzo, Nicodemo"]
[Black "Guidobene, Davide"]
[Result "0-1"]
[WhiteElo "1586"]
[BlackElo "1767"]
[PlyCount "48"]
[EventDate "2013.11.29"]
[EventType "swiss"]
[EventRounds "5"]
[EventCountry "ITA"]
[SourceTitle "EXT 2015"]
[Source "ChessBase"]
[SourceDate "2014.11.20"]
[SourceVersion "1"]
[SourceVersionDate "2014.11.20"]
[SourceQuality "1"]

1. d4 Nf6 2. c4 e6 3. Nf3 Bb4+ 4. Bd2 Qe7 5. a3 Bxd2+ 6. Nbxd2 d6 7. e3 0-0 8. Be2 e5 9. d5 a5 10. e4 a4 11. 0-0 Nbd7 12. Ne1 Nc5 13. Qc2 Bd7 14. f3 Nh5 15. Nd3 Nf4 16. Nxf4 exf4 17. Qd1 Rae8 18. Re1 Qh4 19. Bf1 Re5 20. Qe2 Rh5 21. h3 Rg5 22. Kh1 Qg3 23. Red1 Bxh3 24. Qe1 Bxg2+ 0-1